| 000 | 01491cam a2200397 a 4500 | ||
|---|---|---|---|
| 001 | j 65003026 | ||
| 003 | DLC | ||
| 005 | 20260227111520.0 | ||
| 008 | 900503m19491950ja 000 0 jpn | ||
| 010 | _aj 65003026 | ||
| 035 | _a(CStRLIN)DCLP90-B9662 | ||
| 040 |
_aDLC-R _cDLC-R _dDLC-R _dDLC |
||
| 041 | 1 |
_ajpn _hchi |
|
| 043 | _aa-cc--- | ||
| 050 | 0 | 0 |
_aDS777.55 _b.C46559 |
| 066 | _c$1 | ||
| 245 | 0 | 0 |
_6880-01 _aChūkyō no taishū katsudō. |
| 260 |
_6880-02 _a[Tokyo] : _bChūgoku Kenkyūjo, _c[1949?-195-] |
||
| 300 |
_a2 v. ; _c19 cm. |
||
| 490 | 1 |
_6880-03 _aShonai kenkyū shiryō |
|
| 546 | _aIncludes selected translations from Chinese. | ||
| 500 | _aCover title. | ||
| 500 | _aVol. 2 has title: Tōkatsudō to tenken : tsuketari, seifū bunken "chōsa kenkyū ni kansuru ketsugi." | ||
| 651 | 0 |
_aChina _xPolitics and government _y1949-1976. |
|
| 610 | 2 | 0 |
_6880-04 _aZhongguo gong chan dang. |
| 710 | 2 |
_6880-05 _aChūgoku Kenkyūjo (Tokyo, Japan) |
|
| 740 | 0 |
_6880-06 _aTōkatsudō to tenken. |
|
| 880 | 0 | 0 |
_6245-01/$1 _a中共の大衆活動. |
| 880 |
_6260-02/$1 _a[Tokyo] : _b中國硏究所, _c[1949?-195-] |
||
| 880 | 1 |
_6490-03/$1 _a所內研究資料 |
|
| 880 | 2 | 4 |
_6610-04/$1 _a中國共産黨. |
| 880 | 2 |
_6710-05/$1 _a中國硏究所 (Tokyo, Japan) |
|
| 880 | 0 |
_6740-06/$1 _a黨活動と點檢. |
|
| 830 | 0 |
_6880-07 _aShonai kenkyū shiryō (Chūgoku Kenkyūjo (Tokyo, Japan)) |
|
| 880 | 0 |
_6830-07/$1 _a所內研究資料 (Chūgoku Kenkyūjo (Tokyo, Japan)) |
|
| 999 |
_c35042 _d35042 |
||